The Bottle Quiz (Pics) Stats

 Plays Quiz not verified by Sporcle

Support Sporcle.
Go Orange.
Score 0/25 Timer 06:00
0 Plays Today
Number Brand % Correct
1Coca Cola
99.4%
4Budweiser
76%
19Heinz Ketchup
74.1%
6Corona
73.2%
9Gatorade
73.2%
12Heineken
68.1%
13Jack Daniel's
67.6%
11Tabasco
59.6%
16Vitamin Water
59.2%
10French's Mustard
55.4%
7Perrier
51.1%
14Fiji Water
49.1%
22Evian
48.6%
Number Brand % Correct
15Yoohoo
44.3%
5Mrs. Butterworth's
44.2%
25Kikkoman Soy Sauce
41.9%
8Orangina
39.2%
23Pom
38.1%
20Simply Orange
35.7%
24Patron
32.5%
18Log Cabin Syrup
29.9%
3Chanel No. 5
28.7%
2Lea & Perrins Worcestershire Sauce
23.8%
21L'Oreal Kids
22.4%
17White Diamonds
11.4%

You're not logged in!

Compare scores with friends on all Sporcle quizzes.
OR
Log In

From the Vault

'C' Logos

by Quizmaster91

We 'C' what these brands did here.
Remove Ads.
Support Sporcle.
Get the best of Sporcle when you Go Orange. This ad-free experience offers more features, more stats, and more fun while also helping to support Sporcle. Thank you for becoming a member.

Show Comments

Extras

Top Quizzes Today


Score Distribution

Your Account Isn't Verified!

In order to create a playlist on Sporcle, you need to verify the email address you used during registration. Go to your Sporcle Settings to finish the process.

Report this User

Report this user for behavior that violates our Community Guidelines.

Details: